Central Library OPAC University of Rajshahi

The insects : (Record no. 36652)

MARC details
000 -LEADER
fixed length control field 00831nam a2200265 a 4500
001 - CONTROL NUMBER
control field 36652
003 - CONTROL NUMBER IDENTIFIER
rucl marc code BD-RjUL
005 - DATE AND TIME OF LATEST TRANSACTION
control field 20211209052520.0
008 - FIXED-LENGTH DATA ELEMENTS--GENERAL INFORMATION
fixed length control field 140805s2000 enka b 001 0 eng
020 ## - INTERNATIONAL STANDARD BOOK NUMBER
International Standard Book Number 0521570484 (hardback)
International Standard Book Number 0521578906 (paperback)
035 ## - SYSTEM CONTROL NUMBER
System control number ( BD-RjUL) 36753
040 ## - CATALOGING SOURCE
Original cataloging agency DLC
Transcribing agency DLC
Modifying agency DLC
-- BD-RjUL
082 00 - DEWEY DECIMAL CLASSIFICATION NUMBER
Classification number 595.7
Edition number 21
Author mark and year CHI 2000
100 1# - MAIN ENTRY--PERSONAL NAME
Personal name Chapman, R. F.
Fuller form of name (Reginald Frederick)
9 (RLIN) 111744
245 14 - TITLE STATEMENT
Title The insects :
Remainder of title structure and function /
Statement of responsibility, etc. R.F. Chapman.
250 ## - EDITION STATEMENT
Edition statement 4th ed.
260 ## - PUBLICATION, DISTRIBUTION, ETC. (IMPRINT)
Place of publication, distribution, etc. Cambridge, UK ;
-- New York, NY :
Name of publisher, distributor, etc. Cambridge University Press,
Date of publication, distribution, etc. 2000.
300 ## - PHYSICAL DESCRIPTION
Pagination xvii, 770 p. :
Illustrations ill. ;
Size 26 cm.
504 ## - BIBLIOGRAPHY, ETC. NOTE
Bibliography, etc Includes bibliographical references and indexes.
650 #0 - SUBJECT ADDED ENTRY--TOPICAL TERM
Topical term or geographic name as entry element Insects.
9 (RLIN) 111745
942 ## - ADDED ENTRY ELEMENTS (KOHA)
Source of classification or shelving scheme Dewey Decimal Classification
Koha item type Books
Holdings
Lost status Source of classification or shelving scheme Damaged status Not for loan Permanent Location Current Location Shelving location Date acquired Source of acquisition Cost, normal purchase price Total Checkouts Full call number Date last seen Copy number Koha item type
  Dewey Decimal Classification   Not For Loan Institute of Biological Sciences (IBSc) Library Institute of Biological Sciences (IBSc) Library   20/06/2023 Karim Internatinal 450.00   595.7 CHI 2000 05/08/2014 C-1 Books